The illustrated book of questions and answers

Bibliographic Details
Main Author: Langley, Andrew
Format: Book
Published: England : Kibworth Books , 1993
Subjects:

MARC

LEADER 00000cam a2200000 7i4500
001 0000071247
005 20220105105418.0
008 170308
020 |a 0723900175 
090 0 0 |a Q   |b ENG 
100 1 |a Langley, Andrew 
245 1 4 |a The illustrated book of questions and answers   |c Andrew Langley 
260 |a England :   |b Kibworth Books ,   |c 1993 
300 |a 96pg. :   |b col.ill 
500 |a Children ages 7-9 years old (orange) 
650 0 |a Children's stories, English 
650 0 |a Quiz 
999 |a 0001078083   |b Book   |c Children Collection   |e Cawangan Segamat